La Gran Bretaña frente al México amenazado, 1835-1848 /

Guardat en:
Dades bibliogràfiques
Autor corporatiu: México. Secretaría de Relaciones Exteriores, Inglaterra. Foreign Office
Altres autors: Vázquez, Josefina Zoraida (compilación) (compilación)
Format: Llibre
Idioma:espanyol
Publicat: México : Secretaría de Relaciones Exteriores, Archivo Histórico Diplomático Mexicano, 2002, c2002
Col·lecció:(Archivo Histórico Diplomático Mexicano) [s/n]
Matèries:
Etiquetes: Afegir etiqueta
Sense etiquetes, Sigues el primer a etiquetar aquest registre!

MARC

LEADER 00000nam^a2200000^a^4500
001 000165319
005 20250521000000.0
009 20260310101014.88
020 |a 968-810-658-5 
037 |a Acervo ITESO - Biblioteca 
041 |a ESP 
082 |a 327. 72042  |b MEX 
110 |a México.  |b Secretaría de Relaciones Exteriores 
245 1 3 |a La Gran Bretaña frente al México amenazado, 1835-1848 /  |c Comp. e introd. de J.Z. Vázquez. 
264 4 |a México :  |b Secretaría de Relaciones Exteriores, Archivo Histórico Diplomático Mexicano,  |c 2002, c2002 
300 |a 206 p. 
336 |a texto  |b txt  |2 rdacontenido 
337 |a sin mediación  |b n  |2 rdamedio 
338 |a volumen  |b nc  |2 rdasoporte 
440 1 |a (Archivo Histórico Diplomático Mexicano) [s/n] 
649 |a XX 
650 |a Relaciones Internacionales -  |z México-Inglaterra -  |x Historia 
650 |a Secretaría de Relaciones Exteriores -  |z México -  |x Historia 
650 |a Ministerios de Relaciones Exteriores -  |z Inglaterra -  |x Historia 
650 |a Política Exterior -  |z México -  |x Historia -  |y Centralismo, 1835-1846 
650 |a Política Exterior -  |z México -  |x Historia -  |y Federalismo y Centralismo, 1824-1853 
650 |a Política Exterior -  |z México -  |x Historia -  |y Siglo XIX 
650 |a Política Exterior -  |z Inglaterra -  |x Historia -  |y Victoria I, 1837-1901 
650 |a Política Exterior -  |z Inglaterra -  |x Historia -  |y Siglo XIX 
650 |a Política Exterior -  |z Inglaterra -  |x Historia -  |y Período Victoriano y Casa de Windsor, 1837 en Adelante 
650 |a Diplomacia 
650 |a México -  |x Historia -  |x Documentos 
650 |a México -  |x Historia -  |y Centralismo, 1835-1846 
650 |a México -  |x Historia -  |y Federalismo y Centralismo, 1824-1853 
650 |a México -  |x Historia -  |y Siglo XIX 
650 |a Inglaterra -  |x Historia -  |x Documentos 
650 |a Inglaterra -  |x Historia -  |y Victoria I, 1837-1901 
650 |a Inglaterra -  |x Historia -  |y Siglo XIX 
650 |a Inglaterra -  |x Historia -  |y Período Victoriano y Casa de Windsor, 1837 en Adelante 
710 |a Inglaterra.  |b Foreign Office 
700 |a Vázquez, Josefina Zoraida  |e (compilación) 
910 |a Fondo General 
920 |a Impresos - Libros 
930 |a Colección General 
905 |a 101 
901 |a 0500100099  |b IT1  |c ACC  |u 20250521 
901 |a 0500100102  |b IT1  |c ACC  |u 20250521 
901 |a 0500100105  |b IT1  |c ACC  |u 20250521 
902 |a https://opac.biblio.iteso.mx/vufind/Record/000165319